000 00340nam a2200133Ia 4500
008 240624s9999 xx 000 0 und d
041 _aeng
082 _a659.2 SAL
100 _aSALZMAN MARIAN
245 _aAGILE PR EXPERT MESSAGING IN A HYPER CON
260 _c2017
_aNew York
_bAmacom
300 _axxiv, 243 p.; 23 cm.
365 _c
_b33
999 _c32110
_d32110